01445nam a2200277 a 450000100100000000500170001000800410002702000180006804000250008608200210011124500810013226000510021330000210026459000280028565000420031365000310035570000240038671000660041091000370047695201250051395201190063895201250075795201340088295201340101699900170115000003901920240412074259.0130513d2012 dr 001 p spa d a9789945475500 aDO-SdBNPbspacBNPHU aRD861.508bA634t00aAntología del taller literario :bTriple Llama /cLeoni Disla ...[et al.]. aSanto Domingo :bEdiciones Rumbo Norte,c2012. a123 p. ;c22 cm. aInventariado, 2019 / DG 4aPoesía dominicanaxColecciones9351 0aLiteratura dominicana.9671 aDisla, Leoni96526512aTaller Literario Triple Llama (República Dominicana)965266 aValidado. Control de calidad EMS 0010718DSaGRbGRcHDd2013-05-13iLF1l0oRD861.508 A634tp39019-30r2020-06-25te. 3w2020-06-25yLFDSZNo se presta 0010718PDaPDbPDcHDd2013-05-13iLF1l0oRD861.508 A634tp39019-10r2020-06-25w2020-06-25yLFPDZNo se presta 0010718PDaPDbPDcHDd2013-05-13iLF1l0oRD861.508 A634tp39019-20r2020-06-25te. 2w2020-06-25yLFPDZNo se presta 001054708DSaPDbPDcHDd2015-03-25iLF1l0oRD861.508 A634tp39019-40r2020-06-25te. 4w2020-06-25yLFDSZPréstamo en sala 001054708DSaPDbPDcHDd2015-03-25iLF1l0oRD861.508 A634tp39019-50r2020-06-25te. 5w2020-06-25yLFDSZPréstamo en sala c38509d38509